LEADER 01517nam a2200325 u 4500 001 000000029929 003 CaOOAMICUS 005 20070226111954.0 008 970715s1960 enk u000 u eng u 035 $a10767085 040 $aIRN$bita 041 1 $aeng$alat 100 0 $aPliny,$cthe Elder.$0(OLS)http://pul/name/24205 240 10$aNaturalis historia$9(Pliny, the Elder).$lEnglish and Latin.$0Books 12-16.$0(OLS)http://pul/title/41055 245 10$aNatural history :$bwith an English translation, in ten volumes.$nVolume IV,$pLibri XII-XVI /$cPliny ; by H. Rackham. 260 $aLondon :$bHeinemann ;$aCambridge, Mass. :$bHarvard University press,$c1960. 300 $a555 p. ;$c17 cm 490 1 $aLoeb classical library 500 $aEnglish and Latin on opposite pages 500 $aIncludes index. 500 $aReprint of 1st ed. 1945. 700 1 $aRackham, H.$q(Harris),$d1868-1944.$0(OLS)http://pul/name/19503 830 0$aLoeb classical library.$0(OLS)http://pul/title/4029 850 $aPUL 852 $aPUL$W1$xDP1 Fondo Ciprotti$y59$m1546 F 6$j41380$nBK-PRI$b $qFondi$B41380$CPULBib$Z2$F41380 $H $81 941 1 $a1 961 $aINV: F.CIPROTTI 996 $6245$aNatural history :$bwith an English translation, in ten volumes.$nVolume IV,$pLibri XII-XVI$9(OLS)http://pul/title/41056 996 $6260$aLondon :$bHeinemann$9(OLS)http://pul/publisher/55176 996 $6260$aCambridge, Mass. :$bHarvard University press$9(OLS)http://pul/publisher/60479 LEADER 01083nam a2200265 a 4500 001 000000122579 003 CaOOAMICUS 005 20100723110908.0 008 100723t2010 it u000 u ita r 020 $a978-88-311-7376-6 040 $aPUL$bita$dReb 082 04$a226.4 100 1 $aMilazzo, Calogero.$0(OLS)http://pul/name/76975 245 10$aIsraele, Maria, la Chiesa :$bcommento a Luca 1-2 /$cCalogero Milazzo. 260 $aRoma :$bCittà Nuova,$c©2010. 300 $a183 p. ;$c23 cm 504 $aBibliografia p. [177]-180. 630 04$aBiblia.$pN.T.$pLucas$xCommenti.$0(OLS)http://pul/subject/37891 850 $aPUL 852 $aPUL$W1$xSL Religione 3$y85$m226. 4 MILCA 1$j140782$qDDC 21$B139870$CPULBib$Z2$F139870 $H114173 $82 941 1 $a9 996 $6020$a978-88-311-7376-6$9(OLS)http://pul/number/144989 996 $6082$a226.4$9(OLS)http://pul/classification/548 996 $6245$aIsraele, Maria, la Chiesa :$bcommento a Luca 1-2$9(OLS)http://pul/title/154472 996 $6260$aRoma :$bCittà Nuova$9(OLS)http://pul/publisher/47927